[Event "19. Obert Int. Sant Marti 2017 - B"]
[Site "Barcelona ESP"]
[Date "2017.07.18"]
[Round "6.22"]
[White "Minos Constante, Pablo"]
[Black "Elizondo Marquet, Juan Marcos"]
[Result "1-0"]
[WhiteElo "1742"]
[BlackElo "1887"]
[PlyCount "85"]
[EventDate "2017.07.13"]
[EventType "swiss"]
[EventRounds "9"]
[EventCountry "ESP"]
[SourceTitle "Ajedrez en Madrid"]
[Source "lmi"]
[SourceDate "2017.07.13"]
[SourceVersion "1"]
[SourceVersionDate "2019.06.21"]
[SourceQuality "1"]

1. e4 c5 2. Nf3 d6 3. d4 cxd4 4. Nxd4 Nf6 5. Nc3 Nc6 6. Bc4 e6 7. Be3 Be7 8.
O-O O-O 9. f4 Nxe4 10. Nxe4 d5 11. Bd3 dxe4 12. Bxe4 Bc5 13. Bxh7+ Kxh7 14.
Qh5+ Kg8 15. Qxc5 Nxd4 16. Bxd4 Qd5 17. Qxd5 exd5 18. Rae1 Bf5 19. Rf2 Be4 20.
c4 Rfc8 21. c5 a5 22. b3 Rc6 23. a3 f5 24. Rb2 Rg6 25. g3 Rga6 26. Ra1 Re8 27.
Rba2 Bd3 28. Rd2 Bb5 29. Be5 Bc6 30. Rd4 b6 31. cxb6 Rxb6 32. b4 a4 33. Rc1 Re7
34. h4 Rd7 35. Kf2 Bb5 36. Rc5 Bc6 37. Rd1 Bb7 38. Rdc1 d4 39. Rc7 Rd5 40.
Rxg7+ Kf8 41. Rcc7 Ba6 42. Rcf7+ Ke8 43. Ra7 1-0

[Event "19. Obert Int. Sant Marti 2017 - B"]
[Site "Barcelona ESP"]
[Date "2017.07.18"]
[Round "6.23"]
[White "Colom Andres, Xavier"]
[Black "Munoz Lozano, Jorge Manuel"]
[Result "1-0"]
[WhiteElo "1874"]
[BlackElo "1759"]
[PlyCount "61"]
[EventDate "2017.07.13"]
[EventType "swiss"]
[EventRounds "9"]
[EventCountry "ESP"]
[SourceTitle "Ajedrez en Madrid"]
[Source "lmi"]
[SourceDate "2017.07.13"]
[SourceVersion "1"]
[SourceVersionDate "2019.06.21"]
[SourceQuality "1"]

1. d4 g6 2. c4 Bg7 3. Nf3 d6 4. Nc3 Nd7 5. g3 e5 6. e4 Ngf6 7. Bg2 O-O 8. O-O
c6 9. h3 Qc7 10. Be3 Re8 11. Rc1 a5 12. b3 exd4 13. Nxd4 Nc5 14. Qc2 Nh5 15.
Nde2 Bd7 16. a3 f5 17. Bd4 Bh6 18. Rcd1 Nxe4 19. Nxe4 fxe4 20. g4 Nf4 21. Nxf4
Bxf4 22. Bxe4 Re6 23. Qd3 Rf8 24. Bg2 Rfe8 25. Bc3 Qb6 26. b4 axb4 27. axb4 Re2
28. c5 Qd8 29. Qc4+ d5 30. Qxf4 Rc2 31. Qd4 1-0

[Event "19. Obert Int. Sant Marti 2017 - B"]
[Site "Barcelona ESP"]
[Date "2017.07.18"]
[Round "6.24"]
[White "Husson, Cybele"]
[Black "Roche Peris, Eduard"]
[Result "1-0"]
[WhiteElo "1870"]
[BlackElo "1758"]
[PlyCount "63"]
[EventDate "2017.07.13"]
[EventType "swiss"]
[EventRounds "9"]
[EventCountry "ESP"]
[SourceTitle "Ajedrez en Madrid"]
[Source "lmi"]
[SourceDate "2017.07.13"]
[SourceVersion "1"]
[SourceVersionDate "2019.06.21"]
[SourceQuality "1"]

1. e4 e5 2. Nf3 Nf6 3. Nxe5 d6 4. Nf3 Nxe4 5. d4 d5 6. Bd3 Be7 7. O-O O-O 8. h3
Bf5 9. Re1 Nc6 10. Nbd2 Nxd2 11. Bxf5 Nxf3+ 12. gxf3 Bg5 13. f4 Bh6 14. Kh2 Qf6
15. Qg4 Nxd4 16. Bd3 Ne6 17. f5 Bxc1 18. Raxc1 Nc5 19. Rcd1 Nxd3 20. Rxd3 Rfe8
21. Rg1 Re4 22. f4 c6 23. Rdg3 g6 24. h4 Rae8 25. h5 Re2+ 26. Kh3 R2e3 27. fxg6
hxg6 28. hxg6 Qxg6 29. Qh5 Kg7 30. f5 Rh8 31. Qxh8+ Kxh8 32. fxg6 1-0

[Event "19. Obert Int. Sant Marti 2017 - B"]
[Site "Barcelona ESP"]
[Date "2017.07.18"]
[Round "6.25"]
[White "Ramos Alvarez, Maximo"]
[Black "Mercader Rubio, Luis"]
[Result "1-0"]
[WhiteElo "1865"]
[BlackElo "1747"]
[PlyCount "145"]
[EventDate "2017.07.13"]
[EventType "swiss"]
[EventRounds "9"]
[EventCountry "ESP"]
[SourceTitle "Ajedrez en Madrid"]
[Source "lmi"]
[SourceDate "2017.07.13"]
[SourceVersion "1"]
[SourceVersionDate "2019.06.21"]
[SourceQuality "1"]

1. d4 Nf6 2. Bg5 d5 3. Bxf6 exf6 4. e3 g6 5. g3 Bg7 6. Bg2 c6 7. Ne2 O-O 8. O-O
Nd7 9. c4 dxc4 10. Nd2 Nb6 11. Rc1 f5 12. Nf4 Nd5 13. Qf3 Nxf4 14. Qxf4 Qa5 15.
Nxc4 Qxa2 16. h4 Be6 17. Nd6 Qb3 18. h5 Bd5 19. Bxd5 Qxd5 20. Rc5 Qb3 21. h6
Bh8 22. Nxf5 Qe6 23. Nd6 Rab8 24. Rfc1 Rfd8 25. Ne4 Rf8 26. b4 a6 27. R5c4 Rbe8
28. Nc5 Qe7 29. Rd1 Bf6 30. Qg4 Rd8 31. Qh3 Bh8 32. Rc2 Rd5 33. g4 Rb8 34. f4
Re8 35. Rc3 Rdd8 36. Rcd3 Ra8 37. f5 b6 38. Nb3 Qg5 39. fxg6 fxg6 40. Nd2 Rad8
41. Nf3 Qe7 42. Rb1 Qe4 43. Rbd1 Qe7 44. Rb1 a5 45. bxa5 bxa5 46. Ra1 Rf8 47.
Nd2 Qb4 48. Rb1 Qe7 49. Qg2 Rc8 50. e4 Qg5 51. Nc4 Rf4 52. Ne3 Qxh6 53. Qa2+
Kf8 54. Qe6 Re8 55. Qd6+ Kg8 56. Qxc6 Rfxe4 57. Qd5+ Kf8 58. Rf1+ Rf4 59. Qd6+
Kg8 60. Rxf4 Bg7 61. Qd5+ Kh8 62. Re4 Rc8 63. Rd1 Qh3 64. Ng2 Rf8 65. Qa2 Qf3
66. Qe2 Qb3 67. Re8 a4 68. Rxf8+ Bxf8 69. Rf1 Qb4 70. Qe5+ Kg8 71. Qe6+ Kh8 72.
Qf6+ Bg7 73. Qd8+ 1-0

[Event "19. Obert Int. Sant Marti 2017 - B"]
[Site "Barcelona ESP"]
[Date "2017.07.18"]
[Round "6.26"]
[White "Anjali, R. Sagar"]
[Black "Corominas Garrido, Jordi"]
[Result "1/2-1/2"]
[WhiteElo "1724"]
[BlackElo "1864"]
[PlyCount "59"]
[EventDate "2017.07.13"]
[EventType "swiss"]
[EventRounds "9"]
[EventCountry "ESP"]
[SourceTitle "Ajedrez en Madrid"]
[Source "lmi"]
[SourceDate "2017.07.13"]
[SourceVersion "1"]
[SourceVersionDate "2019.06.21"]
[SourceQuality "1"]

1. e4 e6 2. d4 d5 3. Nd2 c5 4. Ngf3 cxd4 5. Nxd4 Nc6 6. Bb5 Bd7 7. Nxc6 Bxc6 8.
Qe2 a6 9. Bxc6+ bxc6 10. exd5 cxd5 11. O-O Nf6 12. Rd1 Qc7 13. c4 Be7 14. cxd5
Nxd5 15. Nf3 O-O 16. Bg5 Bxg5 17. Nxg5 Qb6 18. Qc2 Nf6 19. Rac1 h6 20. Nf3 Rfd8
21. h3 Rxd1+ 22. Rxd1 Rb8 23. b3 Nd5 24. Ne5 Qb7 25. Qc6 Qb5 26. Qd7 Qxd7 27.
Nxd7 Rc8 28. Rd2 f6 29. Rd4 Kf7 30. Rc4 1/2-1/2

[Event "19. Obert Int. Sant Marti 2017 - B"]
[Site "Barcelona ESP"]
[Date "2017.07.18"]
[Round "6.27"]
[White "Pereda Villalba, Julian"]
[Black "Moreno Perez, Norberto"]
[Result "1/2-1/2"]
[WhiteElo "1719"]
[BlackElo "1851"]
[PlyCount "84"]
[EventDate "2017.07.13"]
[EventType "swiss"]
[EventRounds "9"]
[EventCountry "ESP"]
[SourceTitle "Ajedrez en Madrid"]
[Source "lmi"]
[SourceDate "2017.07.13"]
[SourceVersion "1"]
[SourceVersionDate "2019.06.21"]
[SourceQuality "1"]

1. d4 e6 2. Nf3 Nf6 3. g3 d5 4. Bg2 Bd6 5. c4 c6 6. c5 Bc7 7. Nc3 O-O 8. O-O
Nbd7 9. Re1 b6 10. cxb6 Nxb6 11. Na4 Nc4 12. b3 Nd6 13. Ne5 Bd7 14. Qc2 Nb5 15.
e3 Bxe5 16. dxe5 Ng4 17. Bb2 Qg5 18. Nc5 Be8 19. Qd2 a5 20. h3 Nh6 21. Rad1 Qe7
22. Rc1 Nf5 23. e4 dxe4 24. Bxe4 Rd8 25. Qc2 Nbd4 26. Qc4 Qg5 27. Bg2 Qd2 28.
Rb1 Rd5 29. Ne4 Qb4 30. Qxb4 axb4 31. Nd6 Rxd6 32. exd6 Nb5 33. Rbc1 Nfxd6 34.
Bxc6 Bxc6 35. Rxc6 h5 36. Be5 Nf5 37. Rb6 Nbd4 38. Bxd4 Nxd4 39. Rd1 Ne2+ 40.
Kf1 Nc3 41. Rd2 Nd5 42. Rb5 Ra8 1/2-1/2

[Event "19. Obert Int. Sant Marti 2017 - B"]
[Site "Barcelona ESP"]
[Date "2017.07.18"]
[Round "6.28"]
[White "Perez Garcia, Francisco Jose"]
[Black "Salazar Navas, Josep"]
[Result "0-1"]
[WhiteElo "1814"]
[BlackElo "1733"]
[PlyCount "34"]
[EventDate "2017.07.13"]
[EventType "swiss"]
[EventRounds "9"]
[EventCountry "ESP"]
[SourceTitle "Ajedrez en Madrid"]
[Source "lmi"]
[SourceDate "2017.07.13"]
[SourceVersion "1"]
[SourceVersionDate "2019.06.21"]
[SourceQuality "1"]

1. d4 Nf6 2. c4 c5 3. Nf3 cxd4 4. Nxd4 e5 5. Nb5 d5 6. cxd5 Bc5 7. e3 O-O 8.
Bc4 a6 9. N5c3 e4 10. Nd2 Qe7 11. Qc2 Bf5 12. a3 Rd8 13. b4 Bd6 14. f3 exf3 15.
Qxf5 Qxe3+ 16. Ne2 fxe2 17. Ne4 Qxe4 0-1

[Event "19. Obert Int. Sant Marti 2017 - B"]
[Site "Barcelona ESP"]
[Date "2017.07.18"]
[Round "6.29"]
[White "Bieg Pagel, Clemens"]
[Black "Valero Recalde, Pablo"]
[Result "1-0"]
[WhiteElo "1812"]
[BlackElo "1730"]
[PlyCount "61"]
[EventDate "2017.07.13"]
[EventType "swiss"]
[EventRounds "9"]
[EventCountry "ESP"]
[SourceTitle "Ajedrez en Madrid"]
[Source "lmi"]
[SourceDate "2017.07.13"]
[SourceVersion "1"]
[SourceVersionDate "2019.06.21"]
[SourceQuality "1"]

1. e4 c6 2. Nc3 d5 3. Nf3 Bg4 4. h3 Bxf3 5. Qxf3 Nf6 6. d3 e6 7. g4 Bb4 8. a3
Bxc3+ 9. bxc3 Qa5 10. Bd2 dxe4 11. dxe4 Na6 12. Bd3 h6 13. O-O O-O-O 14. Qe3
Kb8 15. Rfb1 Nd7 16. Qf4+ Ka8 17. Qxf7 Nac5 18. Qxg7 Qc7 19. Be3 Rdg8 20. Qd4
e5 21. Qb4 a5 22. Qc4 b5 23. Qa2 h5 24. g5 Qd6 25. a4 bxa4 26. Qc4 Rb8 27. Rd1
Qe7 28. Rxa4 Rb5 29. Rda1 Qd8 30. Rb4 Rxb4 31. cxb4 1-0

[Event "19. Obert Int. Sant Marti 2017 - B"]
[Site "Barcelona ESP"]
[Date "2017.07.18"]
[Round "6.30"]
[White "Robaina Bordon, Hector"]
[Black "Minko, Olga"]
[Result "0-1"]
[WhiteElo "1805"]
[BlackElo "1563"]
[PlyCount "128"]
[EventDate "2017.07.13"]
[EventType "swiss"]
[EventRounds "9"]
[EventCountry "ESP"]
[SourceTitle "Ajedrez en Madrid"]
[Source "lmi"]
[SourceDate "2017.07.13"]
[SourceVersion "1"]
[SourceVersionDate "2019.06.21"]
[SourceQuality "1"]

1. e4 e5 2. d4 exd4 3. Qxd4 Nc6 4. Qe3 Bb4+ 5. Nc3 Nge7 6. Bd2 O-O 7. O-O-O f5
8. Bc4+ Kh8 9. a3 Ba5 10. f3 Ne5 11. Bb3 Bb6 12. Qe1 N7c6 13. Nge2 Na5 14. Ba2
Nac4 15. Nd5 fxe4 16. Nxb6 axb6 17. fxe4 Nxd2 18. Qxd2 d6 19. Rdf1 b5 20. Ng3
Nc4 21. Rxf8+ Qxf8 22. Bxc4 bxc4 23. Rf1 Qe8 24. Nh5 Bg4 25. Nxg7 Kxg7 26. Qg5+
Qg6 27. Qe7+ Kg8 28. Qxc7 b5 29. Qb7 Qg5+ 30. Kb1 Rf8 31. Rxf8+ Kxf8 32. Qxh7
Qg7 33. Qh4 Kf7 34. h3 Be6 35. Qh5+ Qg6 36. Qxb5 Qxe4 37. Qh5+ Qg6 38. Qe2 Bd5
39. g4 Qe4 40. Qxe4 Bxe4 41. Kc1 Bg2 42. h4 Bh3 43. g5 Kg6 44. Kd2 Kh5 45. Kc3
Be6 46. a4 Kxh4 47. g6 Kg5 48. g7 Kg6 49. g8=Q+ Bxg8 50. Kd4 Kf6 51. a5 Be6 52.
a6 Bc8 53. a7 Bb7 54. Kxc4 Ke6 55. Kb5 Kd7 56. Kb6 Ba8 57. b4 Bd5 58. b5 Ba8
59. c4 Kc8 60. Ka6 Kc7 61. Ka5 Bb7 62. Kb4 Kb6 63. Kb3 Kxa7 64. c5 dxc5 0-1

[Event "19. Obert Int. Sant Marti 2017 - B"]
[Site "Barcelona ESP"]
[Date "2017.07.18"]
[Round "6.31"]
[White "Ramon Herraez, Alex"]
[Black "Pera Muntasell, Marc"]
[Result "1/2-1/2"]
[WhiteElo "1694"]
[BlackElo "1800"]
[PlyCount "133"]
[EventDate "2017.07.13"]
[EventType "swiss"]
[EventRounds "9"]
[EventCountry "ESP"]
[SourceTitle "Ajedrez en Madrid"]
[Source "lmi"]
[SourceDate "2017.07.13"]
[SourceVersion "1"]
[SourceVersionDate "2019.06.21"]
[SourceQuality "1"]

1. d4 d5 2. Nf3 Nf6 3. c4 e6 4. e3 c5 5. Be2 dxc4 6. Bxc4 Qc7 7. O-O cxd4 8.
Bb5+ Bd7 9. Nxd4 a6 10. Be2 Be7 11. Nc3 Nc6 12. Nf3 O-O 13. Bd2 Rac8 14. Rc1
Rfd8 15. a3 b5 16. Na2 Qb6 17. Nc3 b4 18. axb4 Nxb4 19. Ra1 Bc6 20. Nd4 Bb7 21.
Na4 Qd6 22. Bxb4 Qxb4 23. Qe1 Qd6 24. Qa5 Qd5 25. Qxd5 Nxd5 26. Rfd1 Bf6 27.
Nf3 h6 28. Rac1 Nb4 29. Rxd8+ Bxd8 30. Rxc8 Bxc8 31. b3 Kf8 32. Kf1 Ke7 33. Bc4
Kd6 34. Ke2 Nc6 35. Nd2 Bb7 36. Ne4+ Kc7 37. Nec5 Nb4 38. Nxb7 Kxb7 39. Nc5+
Kb6 40. Nd7+ Kc7 41. Ne5 f6 42. Nf7 e5 43. Nxd8 Kxd8 44. Kf3 Ke7 45. Kg4 g6 46.
h4 f5+ 47. Kf3 Kf6 48. Ke2 a5 49. Kd2 g5 50. hxg5+ hxg5 51. Be2 Ke6 52. Bc4+
Kd6 53. Bg8 Nc6 54. Kd3 Kc5 55. Be6 Ne7 56. Kc3 Kb5 57. f3 Kc5 58. g3 f4 59.
exf4 exf4 60. gxf4 gxf4 61. Bf7 Nc6 62. Bg6 Nb4 63. Bf7 Na2+ 64. Kb2 Nb4 65.
Kc3 Na2+ 66. Kb2 Nb4 67. Kc3 1/2-1/2

[Event "19. Obert Int. Sant Marti 2017 - B"]
[Site "Barcelona ESP"]
[Date "2017.07.18"]
[Round "6.32"]
[White "Vives Cabau, Jordi"]
[Black "Torres Julian, Marc"]
[Result "1-0"]
[WhiteElo "1930"]
[BlackElo "1723"]
[PlyCount "33"]
[EventDate "2017.07.13"]
[EventType "swiss"]
[EventRounds "9"]
[EventCountry "ESP"]
[SourceTitle "Ajedrez en Madrid"]
[Source "lmi"]
[SourceDate "2017.07.13"]
[SourceVersion "1"]
[SourceVersionDate "2019.06.21"]
[SourceQuality "1"]

1. e4 e5 2. Nf3 Nc6 3. d4 exd4 4. c3 dxc3 5. Nxc3 Bb4 6. Bc4 Bxc3+ 7. bxc3 Qe7
8. O-O Ne5 9. Nxe5 Qxe5 10. Qb3 Qe7 11. e5 b6 12. Bd5 c6 13. Ba3 Qg5 14. Bxf7+
Kd8 15. Bxg8 d5 16. f4 Qg6 17. Bxd5 1-0

[Event "19. Obert Int. Sant Marti 2017 - B"]
[Site "Barcelona ESP"]
[Date "2017.07.18"]
[Round "6.33"]
[White "Fabregas Fontanet, Antonio"]
[Black "Nilesh, Jindal"]
[Result "0-1"]
[WhiteElo "1903"]
[BlackElo "1722"]
[PlyCount "116"]
[EventDate "2017.07.13"]
[EventType "swiss"]
[EventRounds "9"]
[EventCountry "ESP"]
[SourceTitle "Ajedrez en Madrid"]
[Source "lmi"]
[SourceDate "2017.07.13"]
[SourceVersion "1"]
[SourceVersionDate "2019.06.21"]
[SourceQuality "1"]

1. e4 e6 2. d4 d5 3. e5 c5 4. c3 Nc6 5. Nf3 Bd7 6. Bd3 Qb6 7. dxc5 Bxc5 8. O-O
Qc7 9. Re1 Nge7 10. b4 Bb6 11. b5 Na5 12. Ba3 Bc5 13. Bb4 Bxb4 14. cxb4 Nc4 15.
a4 Ng6 16. Bxg6 hxg6 17. Nbd2 Rh5 18. Rc1 a6 19. bxa6 bxa6 20. Ne4 dxe4 21.
Rxe4 Nb2 22. Rxc7 Nxd1 23. Rxd7 Kxd7 24. Rd4+ Ke7 25. Rxd1 f6 26. Rc1 Ra7 27.
Nd4 Rb7 28. Nc6+ Kd7 29. f4 Rh8 30. Rc5 Rc8 31. b5 axb5 32. axb5 Ra8 33. g4 Ra4
34. g5 Rxf4 35. gxf6 gxf6 36. exf6 Rxf6 37. Rg5 Rf5 38. Rxg6 Rbxb5 39. Nd4 Rg5+
40. Rxg5 Rxg5+ 41. Kf2 Kd6 42. h4 Rg4 43. Nf3 e5 44. Ke3 e4 45. Nd4 Ke5 46.
Nc6+ Kd5 47. Nb4+ Kc4 48. Nc6 Rxh4 49. Ne7 Rh6 50. Nf5 Re6 51. Ng3 Kd5 52. Ne2
Ke5 53. Nd4 Rh6 54. Ne2 Rh3+ 55. Kf2 Ra3 56. Nc1 Kd4 57. Ne2+ Kd3 58. Nf4+ Kd2
0-1

[Event "19. Obert Int. Sant Marti 2017 - B"]
[Site "Barcelona ESP"]
[Date "2017.07.18"]
[Round "6.34"]
[White "Lozano Ruiz, David"]
[Black "Vicente Soriano, Josep"]
[Result "1/2-1/2"]
[WhiteElo "1844"]
[BlackElo "1698"]
[PlyCount "106"]
[EventDate "2017.07.13"]
[EventType "swiss"]
[EventRounds "9"]
[EventCountry "ESP"]
[SourceTitle "Ajedrez en Madrid"]
[Source "lmi"]
[SourceDate "2017.07.13"]
[SourceVersion "1"]
[SourceVersionDate "2019.06.21"]
[SourceQuality "1"]

1. c4 c5 2. g3 Nc6 3. Bg2 g6 4. Nc3 Bg7 5. Nf3 d6 6. O-O e5 7. d3 Nge7 8. Nh4
O-O 9. f4 Rb8 10. e4 f5 11. Be3 Nd4 12. Ne2 Bd7 13. fxe5 dxe5 14. Nxd4 cxd4 15.
Bg5 Bf6 16. Bh6 Bg7 17. Bd2 Qb6 18. b3 fxe4 19. Bxe4 Bc6 20. Qg4 Bxe4 21. Qxe4
Qc6 22. Rxf8+ Rxf8 23. Qxc6 Nxc6 24. Re1 Kf7 25. Kg2 Ke6 26. Nf3 h6 27. g4 g5
28. b4 Rd8 29. h4 gxh4 30. Nxh4 Ne7 31. a4 Bf6 32. Nf3 Bg7 33. b5 Ng6 34. Kg3
b6 35. a5 bxa5 36. Bxa5 Rd7 37. Bd2 Bf8 38. Ra1 Bd6 39. Kh3 Rf7 40. Ne1 Nf4+
41. Kg3 Ne2+ 42. Kh4 Rf1 43. Bxh6 Be7+ 44. Kh5 Kf7 45. g5 Nf4+ 46. Kg4 Nxd3 47.
Nc2 Rxa1 48. Nxa1 Kg6 49. Nb3 e4 50. Nxd4 Ne5+ 51. Kf4 Nxc4 52. Kxe4 Nd6+ 53.
Kd5 Nxb5 1/2-1/2

[Event "19. Obert Int. Sant Marti 2017 - B"]
[Site "Barcelona ESP"]
[Date "2017.07.18"]
[Round "6.35"]
[White "Molina Hernandez, Albert"]
[Black "Pascual Gonzalez-Novelles, Carles"]
[Result "1-0"]
[WhiteElo "1840"]
[BlackElo "1683"]
[PlyCount "83"]
[EventDate "2017.07.13"]
[EventType "swiss"]
[EventRounds "9"]
[EventCountry "ESP"]
[SourceTitle "Ajedrez en Madrid"]
[Source "lmi"]
[SourceDate "2017.07.13"]
[SourceVersion "1"]
[SourceVersionDate "2019.06.21"]
[SourceQuality "1"]

1. e4 e6 2. d3 d5 3. Nd2 Nf6 4. g3 c5 5. Bg2 Nc6 6. Ngf3 Qc7 7. O-O dxe4 8.
dxe4 e5 9. c3 Be7 10. Qc2 O-O 11. Re1 b5 12. Nf1 c4 13. Qe2 Bb7 14. Bg5 Nd8 15.
Bxf6 Bxf6 16. N3d2 Ne6 17. Ne3 Bg5 18. Nd5 Bxd5 19. exd5 Bxd2 20. Qxd2 Rad8 21.
Qe3 Nc5 22. Qxe5 Qd7 23. Qe7 Nd3 24. Qxd7 Rxd7 25. Re2 f5 26. f4 Kf7 27. b3 Rc8
28. b4 a5 29. bxa5 Ra8 30. Re6 Rxa5 31. Rb6 Ke7 32. Kf1 Rd6 33. Rb7+ Kf6 34.
Rb1 Rxa2 35. R7xb5 Rf2+ 36. Kg1 Rc2 37. Rb6 Rxb6 38. Rxb6+ Ke7 39. d6+ Kd8 40.
Bc6 Rb2 41. Bb5 Kc8 42. d7+ 1-0

[Event "19. Obert Int. Sant Marti 2017 - B"]
[Site "Barcelona ESP"]
[Date "2017.07.18"]
[Round "6.36"]
[White "Low, Ethan"]
[Black "Julia Yebra, David"]
[Result "1/2-1/2"]
[WhiteElo "1643"]
[BlackElo "1840"]
[PlyCount "57"]
[EventDate "2017.07.13"]
[EventType "swiss"]
[EventRounds "9"]
[EventCountry "ESP"]
[SourceTitle "Ajedrez en Madrid"]
[Source "lmi"]
[SourceDate "2017.07.13"]
[SourceVersion "1"]
[SourceVersionDate "2019.06.21"]
[SourceQuality "1"]

1. e4 d6 2. d4 Nf6 3. Bd3 c6 4. h3 e5 5. c3 Nbd7 6. Nf3 Be7 7. Nbd2 Qc7 8. a4
d5 9. O-O O-O 10. Re1 exd4 11. cxd4 dxe4 12. Nxe4 Nxe4 13. Bxe4 Nf6 14. Bc2 Bb4
15. Bd2 Bxd2 16. Qxd2 h6 17. Re5 Nd5 18. Rae1 Qd6 19. Nh4 Qf6 20. Nf5 Bxf5 21.
Bxf5 Rad8 22. a5 Qd6 23. Rd1 Rfe8 24. Rxe8+ Rxe8 25. Re1 Rd8 26. Rd1 Ne7 27.
Be4 Qc7 28. Qc3 Nd5 29. Bxd5 1/2-1/2

[Event "19. Obert Int. Sant Marti 2017 - B"]
[Site "Barcelona ESP"]
[Date "2017.07.18"]
[Round "6.38"]
[White "Corominas Garrido, Antonio"]
[Black "Grasa Solanas, Oscar"]
[Result "0-1"]
[WhiteElo "1803"]
[BlackElo "1676"]
[PlyCount "70"]
[EventDate "2017.07.13"]
[EventType "swiss"]
[EventRounds "9"]
[EventCountry "ESP"]
[SourceTitle "Ajedrez en Madrid"]
[Source "lmi"]
[SourceDate "2017.07.13"]
[SourceVersion "1"]
[SourceVersionDate "2019.06.21"]
[SourceQuality "1"]

1. e4 d5 2. exd5 Qxd5 3. Nf3 Bg4 4. Nc3 Qa5 5. Be2 Nc6 6. O-O O-O-O 7. d3 f6 8.
Bd2 Qh5 9. h3 Bd7 10. Ne4 e5 11. Ng3 Qf7 12. Bc3 g5 13. a3 h5 14. Nxh5 Nge7 15.
Nh2 Nd5 16. g4 Kb8 17. Bf3 Nf4 18. Nxf4 gxf4 19. Bg2 Be6 20. f3 Bc5+ 21. Kh1
Ne7 22. Qe2 Nd5 23. Rfe1 Ne3 24. Nf1 Nxg2 25. Qxg2 Rh4 26. Re2 Rdh8 27. Nh2
Rxh3 28. b4 Rxh2+ 29. Qxh2 Rxh2+ 30. Rxh2 Bf8 31. Kg2 b6 32. Rah1 Bg7 33. Rh7
Qg6 34. Kf2 Bg8 35. R7h5 Qe8 0-1

[Event "19. Obert Int. Sant Marti 2017 - B"]
[Site "Barcelona ESP"]
[Date "2017.07.18"]
[Round "6.40"]
[White "Calafell Marques, Jose"]
[Black "Rodriguez Beltran, Fernando"]
[Result "1-0"]
[WhiteElo "1762"]
[BlackElo "1553"]
[PlyCount "93"]
[EventDate "2017.07.13"]
[EventType "swiss"]
[EventRounds "9"]
[EventCountry "ESP"]
[SourceTitle "Ajedrez en Madrid"]
[Source "lmi"]
[SourceDate "2017.07.13"]
[SourceVersion "1"]
[SourceVersionDate "2019.06.21"]
[SourceQuality "1"]

1. e4 d5 2. exd5 Qxd5 3. Nc3 Qa5 4. d4 Nf6 5. Nf3 Bg4 6. h3 Bh5 7. Bd2 Qb6 8.
Be2 c6 9. Na4 Qc7 10. O-O e6 11. Ne5 Bxe2 12. Qxe2 Nbd7 13. Rfe1 Nxe5 14. dxe5
Nd5 15. a3 Be7 16. Qg4 Bf8 17. c4 Nb6 18. Nc3 Nd7 19. Bf4 g6 20. Ne4 Bg7 21.
Nf6+ Bxf6 22. exf6 e5 23. Bxe5 Nxe5 24. Qd4 O-O 25. Rxe5 Qd8 26. Qf4 Re8 27.
Rae1 Rxe5 28. Rxe5 Qf8 29. Qe3 Qd8 30. Re7 Qd1+ 31. Kh2 Qd6+ 32. Qe5 Qxe5+ 33.
Rxe5 b6 34. Kg3 a6 35. Re7 Rb8 36. Rc7 c5 37. Kf4 h6 38. a4 Re8 39. Re7 Kf8 40.
Rxe8+ Kxe8 41. Ke5 Kd7 42. Kd5 Kc7 43. f3 Kd7 44. a5 bxa5 45. Kxc5 Kc7 46. b3
Kb7 47. Kd6 1-0

[Event "19. Obert Int. Sant Marti 2017 - B"]
[Site "Barcelona ESP"]
[Date "2017.07.18"]
[Round "6.42"]
[White "Moreno Oller, Victor"]
[Black "Mahi, Amit Doshi"]
[Result "1-0"]
[WhiteElo "1730"]
[BlackElo "1268"]
[PlyCount "74"]
[EventDate "2017.07.13"]
[EventType "swiss"]
[EventRounds "9"]
[EventCountry "ESP"]
[SourceTitle "Ajedrez en Madrid"]
[Source "lmi"]
[SourceDate "2017.07.13"]
[SourceVersion "1"]
[SourceVersionDate "2019.06.21"]
[SourceQuality "1"]

1. d4 Nf6 2. c4 e6 3. Nf3 d5 4. g3 Bb4+ 5. Bd2 Be7 6. Bg2 O-O 7. O-O Nbd7 8.
Bf4 c6 9. Nc3 Nh5 10. Bc1 dxc4 11. Nd2 Nb6 12. e3 Nf6 13. Qe2 Nfd5 14. Nxc4
Nxc3 15. bxc3 Nd5 16. Bb2 Bd7 17. e4 Nb6 18. Nxb6 Qxb6 19. Rfd1 Rfd8 20. Rab1
Qa5 21. Ba1 b6 22. c4 Qg5 23. f4 Qg6 24. g4 c5 25. d5 exd5 26. f5 Qg5 27. Rxd5
f6 28. e5 Rac8 29. exf6 Bxf6 30. Rxd7 Rxd7 31. Qe6+ Rf7 32. Qxc8+ Bd8 33. Bd5
Qe3+ 34. Kh1 Qe7 35. Bxf7+ Kxf7 36. Qe6+ Qxe6 37. fxe6+ Kxe6 1-0

[Event "19. Obert Int. Sant Marti 2017 - B"]
[Site "Barcelona ESP"]
[Date "2017.07.18"]
[Round "6.43"]
[White "Carrey Abellan, Enric"]
[Black "Martinez Torras, Pol"]
[Result "1-0"]
[WhiteElo "1931"]
[BlackElo "1631"]
[PlyCount "123"]
[EventDate "2017.07.13"]
[EventType "swiss"]
[EventRounds "9"]
[EventCountry "ESP"]
[SourceTitle "Ajedrez en Madrid"]
[Source "lmi"]
[SourceDate "2017.07.13"]
[SourceVersion "1"]
[SourceVersionDate "2019.06.21"]
[SourceQuality "1"]

1. d4 d5 2. c4 e6 3. Nc3 Nf6 4. Bg5 c6 5. e3 Nbd7 6. Nf3 Qa5 7. Bxf6 Nxf6 8.
Bd3 dxc4 9. Bxc4 b5 10. Bd3 Bb4 11. Qc2 Bb7 12. O-O Bxc3 13. bxc3 O-O 14. a4
Qb6 15. Rfb1 a6 16. Ne5 Rac8 17. Qb3 Qc7 18. c4 Rfe8 19. cxb5 axb5 20. axb5
cxb5 21. Qxb5 Ba8 22. Qa5 Qxa5 23. Rxa5 Be4 24. Ra7 Bxd3 25. Nxd3 Ra8 26. Rbb7
Rxa7 27. Rxa7 Rb8 28. g3 Ne4 29. Kg2 h6 30. Kf3 Ng5+ 31. Kg4 Rb3 32. Nf4 Rb2
33. Nd3 Rd2 34. Ra3 f5+ 35. Kf4 Ne4 36. f3 Nf2 37. Nxf2 Rxf2 38. h4 Kf7 39. e4
fxe4 40. Kxe4 Re2+ 41. Re3 Rg2 42. g4 g6 43. Ke5 Ra2 44. Rc3 Re2+ 45. Kd6 Rd2
46. Ke5 Re2+ 47. Kf4 Rd2 48. Rc7+ Kg8 49. Ke5 Rd3 50. f4 Rh3 51. Kxe6 Rxh4 52.
d5 Rxg4 53. Ke5 h5 54. d6 Rg2 55. d7 Rd2 56. Rc8+ Kg7 57. d8=Q Rxd8 58. Rxd8
Kh6 59. Rd1 h4 60. Rg1 Kh5 61. Rg5+ Kh6 62. Kf6 1-0